000
00324nam a2200133 4500
999
_c
11533
_d
11533
003
OSt
005
20230529144101.0
008
230529b ||||| |||| 00| 0 eng d
020
_a
9783822894552
100
_a
Dirk Meyhofer
245
_a
Contemporary European architects vol-11
260
_b
TASCHEN /New York
942
_2
ddc